ENVIRONMENT AND SUSTAINABILITY (Record no. 2544)

000 -LEADER
fixed length control field 00453nam a22001817a 4500
003 - CONTROL NUMBER IDENTIFIER
control field OSt
005 - DATE AND TIME OF LATEST TRANSACTION
control field 20210713093121.0
008 - FIXED-LENGTH DATA ELEMENTS--GENERAL INFORMATION
fixed length control field 210713b ||||| |||| 00| 0 eng d
020 ## - INTERNATIONAL STANDARD BOOK NUMBER
International Standard Book Number 9781259360992
040 ## - CATALOGING SOURCE
Transcribing agency alupe university
050 ## - LIBRARY OF CONGRESS CALL NUMBER
Classification number GE105
Item number .G64 2014
100 ## - MAIN ENTRY--PERSONAL NAME
Personal name Allison Goebel
245 ## - TITLE STATEMENT
Title ENVIRONMENT AND SUSTAINABILITY
260 ## - PUBLICATION, DISTRIBUTION, ETC.
Place of publication, distribution, etc. USA
Name of publisher, distributor, etc. McGraw-Hill Education
Date of publication, distribution, etc. 2014
300 ## - PHYSICAL DESCRIPTION
Extent 213p
700 ## - ADDED ENTRY--PERSONAL NAME
Personal name Stephen Brown
942 ## - ADDED ENTRY ELEMENTS (KOHA)
Source of classification or shelving scheme
Koha item type Book
Suppress in OPAC DO
Holdings
Withdrawn status Lost status Source of classification or shelving scheme Damaged status Not for loan Permanent Location Current Location Shelving location Date acquired Total Checkouts Full call number Barcode Date last seen Price effective from Koha item type Public note
          AU LIBRARY AU LIBRARY Open Shelf 13.07.2021   GE105 .G64 2014 28002664 13.07.2021 13.07.2021 Book DO

Powered by Koha